LEADER 01259nam a2200277 4500 001 000000363201 003 CaOOAMICUS 005 20250617114249.0 008 250617s2012 it 000 u fre r 020 $a978-88-8450-445-6 040 $aSeMil$bita 100 1 $aOstorero, Martine.$0(OLS)http://semarc/name/122208 245 10$aAdam, le premier homme /$ctextes réunis par Agostino Paravicini Bagliani. 264 1$aFirenze :$bSISMEL Edizioni del Galluzzo,$c2012. 300 $a396 p., [34] carte di tav. :$bill. ; $c21 cm 490 1 $aMicrologus? library ;$v45 500 $aTesti in francese, inglese, tedesco e italiano 650 4$aAdamo .$0(OLS)http://semarc/subject/4567 700 1 $aParavicini Bagliani, Agostino,$d<1943- >.$0(OLS)http://semarc/name/89582 830 0$aMicrologus? library ;$v45.$0(OLS)http://semarc/title/454325 850 $aSeMil 852 $aSeMil$W1$xVenegono$y1$m2YA N 45$j258563$B254070$CSeMilBibl$Z2$F254070 $81 996 $6020$a978-88-8450-445-6$9(OLS)http://semarc/number/303399 996 $6245$aAdam, le premier homme$9(OLS)http://semarc/title/454352 996 $6264$aFirenze :$bSISMEL Edizioni del Galluzzo$9(OLS)http://semarc/publisher/31909 LEADER 00859nam a2200229 i 4500 001 000000069009 003 CaOOAMICUS 005 20100817000000.0 008 100817s1981 it u000 u ita u 013 $a40181 040 $aSeMil$bita 100 1 $aVerdiglione, Armando <1944- >.$0(OLS)http://semarc/name/6427 245 10$aDio /$cArmando Verdiglione. 260 $aMilano :$bSpirali/Vel,$c1981. 300 $a255 p. ;$c23 cm. 490 0 $aFondazioni della psicoanalisi ;$v1 650 4$aPsicanalisi.$0(OLS)http://semarc/subject/1341 830 0$aFondazioni della psicoanalisi ;$v1.$0(OLS)http://semarc/title/11526 850 $aSeMil 852 $aSeMil$W1$xVenegono$y1$m2O IV 320$j35162$B35162$CSeMilBibl$Z2$F35165 $81 996 $6245$aDio$9(OLS)http://semarc/title/40420 996 $6260$aMilano :$bSpirali/Vel$9(OLS)http://semarc/publisher/32368